Thơ văn Nguyễn Phi Khanh : Tuyển /
Đã lưu trong:
| Những tác giả chính: | , |
|---|---|
| Định dạng: | Sách giấy |
| Ngôn ngữ: | Vietnamese |
| Được phát hành: |
Hà Nội :
Văn học ,
1981
|
| Các nhãn: |
Thêm thẻ
Không có thẻ, Là người đầu tiên thẻ bản ghi này!
|
| Thư viện lưu trữ: | Thư viện Trường Đại học Đà Lạt |
|---|
| LEADER | 00645nam a2200253 4500 | ||
|---|---|---|---|
| 001 | DLU020015584 | ||
| 005 | ##9/10/2000 | ||
| 020 | # | # | |a 978- |
| 041 | # | # | |a vie |
| 082 | # | # | |a 895.922 1 |b NG-K |
| 100 | # | # | |a Đào Phương Bình |
| 100 | # | # | |a Bùi Văn Nguyên |
| 245 | # | # | |a Thơ văn Nguyễn Phi Khanh : |b Tuyển / |c Bùi Văn nguyên, Đào Phương Bình, Nguyễn Phi Khanh |
| 260 | # | # | |a Hà Nội : |b Văn học , |c 1981 |
| 300 | # | # | |a 140 tr.; |c 19 cm. |
| 992 | # | # | |a 753 |
| 994 | # | # | |a DLU |
| 900 | # | # | |a False |
| 911 | # | # | |a Administrator |
| 925 | # | # | |a G |
| 926 | # | # | |a A |
| 927 | # | # | |a SH |
| 980 | # | # | |a Thư viện Trường Đại học Đà Lạt |